|
|
|
|
| LEADER |
01386nam a2200289 a 4500 |
| 001 |
00023882 |
| 008 |
121210s2010 bg w 000 0 mul d |
| 040 |
|
|
|a BD-DhAAL
|c BD-DhAAL
|
| 082 |
0 |
0 |
|a 348.5492/046
|2 22
|
| 130 |
0 |
|
|a Dhaka Law Reports
|
| 245 |
0 |
4 |
|a The Dhaka Law Reports,
|n volume no. 62 /
|c founder editor, Obaidul Haque Chowdhury,editor, Shahabuddin Ahmed.
|
| 246 |
1 |
7 |
|a Dhaka Law Reports.
|
| 246 |
0 |
|
|a DLR
|
| 260 |
|
|
|a Dhaka :
|b Dhaka Law Reports,
|c 2010
|
| 300 |
|
|
|a Various pagings, :
|c 24 cm.
|
| 362 |
0 |
|
|a volume LXII.
|
| 500 |
|
|
|a a monthly law journal.
|
| 541 |
|
|
|e 00023882
|
| 650 |
|
0 |
|a Law reports, digests, etc.
|z Bangladesh.
|
| 700 |
1 |
|
|a Chowdhury,Obaidul Haque.
|
| 700 |
1 |
|
|a Ahmed, Shahabuddin.
|
| 852 |
4 |
|
|a Ayesha Abed Library
|j General shelf
|
| 942 |
0 |
0 |
|0 2
|
| 999 |
|
|
|c 12996
|d 12996
|
| 952 |
|
|
|0 0
|1 0
|2 ddc
|4 0
|6 348_549200000000000_046_DHA
|7 0
|8 REF
|9 21523
|a BRACUL
|b BRACUL
|c REF
|d 2012-12-10
|e Anupom Gayan Vander
|g 728.00
|l 3
|o 348.5492046 DHA
|p 3010023882
|r 2013-05-20
|s 2013-05-20
|t 2
|w 2012-12-10
|y 1HOUR
|
| 952 |
|
|
|0 0
|1 0
|2 ddc
|4 0
|6 348_549204600000000_DHA
|7 0
|8 REF
|9 22960
|a BRACUL
|b BRACUL
|c REF
|d 2013-07-25
|l 10
|o 348.5492046 DHA
|p 3010023881
|r 2018-12-03
|s 2018-12-03
|t 1
|w 2013-07-25
|y 1HOUR
|
| 952 |
|
|
|0 0
|1 0
|2 ddc
|4 0
|6 348_549200000000000_046_DHA
|7 0
|8 REF
|9 54200
|a BRACUL
|b BRACUL
|c REF
|d 2015-06-09
|g 994.00
|l 4
|o 348.5492046 DHA
|p 3010029165
|r 2016-05-16
|s 2016-05-16
|t 3
|w 2015-06-09
|y 1HOUR
|